| 000 | 00684nam a2200205 a 4500 | ||
|---|---|---|---|
| 001 | 000020763 | ||
| 005 | 20200930011145.0 | ||
| 008 | 100813s2016 dr 000 0 spa d | ||
| 020 | _a9789945084825 | ||
| 040 |
_aDO-SdBNP _bspa _cBNPHU |
||
| 082 |
_axxx _bxxx |
||
| 100 | 1 |
_aPeña Fermín, Carlos Manuel, _d1953- _936272 |
|
| 245 | 1 | 3 |
_aNegro dulce sangre amarga : _bdiga perejil / _cCarlos Manuel Peña Fermín. |
| 260 |
_aSanto Domingo : _bPremium, _c2016. |
||
| 300 |
_a144 p. ; _c22 cm. |
||
| 490 | 1 | _aEl Guabay | |
| 500 | _aIncluye datos biográficos del autor en las solapas | ||
| 500 | _aLa biblioteca posee 1 ejemplar autográfiado por el autor | ||
| 830 | 0 |
_aEl Guabay _943520 |
|
| 999 |
_c20267 _d20267 |
||